000 00930cam a2200301 a 4500
999 _c523511
_d523511
001 9489143
003 NUST
005 20190327063603.0
008 890227s1969 pk 000 1 urdo
010 _a 74930450
035 _a(OCoLC)23538238
038 _aArshad
040 _aDLC
_cDLC
050 0 0 _aPK2200.N36115
_bQ26 1969
082 _a891.4393
_bHIJ
100 0 _aNasīm Ḥijāzī,
_d1914-1996.
_91008
245 1 0 _aQāfilah-yi Ḥijāz /
_cNasīm Ḥijāzī.
260 _aLāhaur :
_bIshāʻat Manzil,
_c1969.
300 _a616 p. ;
_c22 cm.
500 _aNovel.
546 _aIn Urdu.
880 _6100-01\r
_aنسیم حجازی
880 _6245-02\r
_aقافلہ حجاز
_bنسیم حجازی
880 _6260-03\r
_aلاہور:
_bاشاعت منزل،
_c1969
906 _a7
_bcbc
_cpremver
_d1
_encip
_f19
_gy-gencatlg
942 _2ddc
_cBK